000 00595nam a2200217Ia 4500
005 20230111144509.0
008 131103s9999 xx 000 0 und d
020 _aSBN 710067682
040 _aLoreto College
041 _aEnglish
082 _a821.4
_bMIL-RAJ
100 _aRajan,Balachandra
245 4 _aThe lofty rhyme
_b a study of Milton's major poetry
_cBalachandra Rajan
260 _aLondon
_bRoutledge
_c1970
300 _av,190 p.
504 _aIncludes notes and index
650 _aEnglish Poetry
651 _a17th century poet - Milton
850 _aLCLIB
942 _cBK
999 _c5726
_d56205